| 000 | 00427cam a2200181ua 4500 | ||
|---|---|---|---|
| 020 | _c35.00 | ||
| 041 |
_aeng _h |
||
| 082 |
_a928.21 _bTAY/CO |
||
| 100 | _aTaylor, Samuel . | ||
| 245 |
_aColeridge / _cSamuel Taylor. _hTextual Documents |
||
| 250 |
_a1 / _b. |
||
| 260 |
_a : _bOxford at the Clarendon Press , _c1963. |
||
| 300 | _a373 ; . | ||
| 365 | _a35.00 | ||
| 504 | _a | ||
| 942 | _cBK | ||
| 999 |
_c3267 _d3267 |
||